000 02110nam a2200301 i 4500
001 990231195860107026
003 UkOxU
005 20250617072957.0
008 220926s2021 enk b 001 0 eng d
020 _a9781786637307
_qpaperback
035 _a(UkOxU)023119586
035 _a(UkOxU)023119586BIB01
040 _aUkOxU
_beng
_erda
_cUkOxU
041 _aEnglish
100 _aLewis, Sophie
_q(Sophie A.),
_eauthor.
245 1 0 _aFull surrogacy now
_b: feminism against family
_c/ Sophie Lewis.
250 _aPaperback edition.
264 1 _aLondon :
_bVerso,
_c2021.
300 _aviii, 216 pages ;
_c20 cm
500 _aFirst published: Verso, 2019.
504 _aIncludes bibliographical references and index.
520 _aWhere pregnancy is concerned, let every pregnancy be for everyone. Let us overthrow, in short, the “family”. The surrogacy industry is estimated to be worth over $1 billion a year, and many of its surrogates around the world work in terrible conditions—deception, wage-stealing and money skimming are rife; adequate medical care is horrifyingly absent; and informed consent is depressingly rare. In Full Surrogacy Now, Sophie Lewis brings a fresh and unique perspective to the topic. Often, we think of surrogacy as the problem, but, Full Surrogacy Now argues, we need more surrogacy, not less! Rather than looking at surrogacy through a legal lens, Lewis argues that the needs and protection of surrogates should be put front and center. Their relationship to the babies they gestate must be rethought, as part of a move to recognize that reproduction is productive work. Only then can we begin to break down our assumptions that children “belong” to those whose genetics they share. Taking collective responsibility for children would radically transform our notions of kinship, helping us to see that it always takes a village to make a baby.
650 0 _aSurrogate motherhood.
_925479
650 0 _aSurrogate mothers
_xSocial conditions.
650 0 _aSurrogate mothers
_xCivil rights.
650 0 _aPregnancy
_xPolitical aspects.
942 _2lcc
999 _c4752
_d4752